History Quiz

Random History or Century Quiz

20th Century Events That Changed History Quiz Stats

 Plays Quiz Updated Jun 5, 2016

Score 0/25 Timer 04:00
3 Plays Today
% Correct
1938
74.6%
1991
70.9%
1998
69.3%
1945
65.5%
1981
60.2%
1920
54.8%
1985
54.6%
1918
53.5%
1927
53.2%
1993
52.8%
1957
51.6%
1968
50.6%
1973
47.8%
% Correct
1913
47.1%
1945
44.7%
1975
43.6%
1948
40.8%
1954
39%
1944
36.8%
1947
33.8%
1949
32.7%
1914
31.5%
1962
29.1%
1953
26.5%
1939
21%

You're not logged in!

Compare scores with friends on all Sporcle quizzes.
OR
Log In

Sporcle TV

Today on Sporcle TV


Watch our educational content, quiz creation guides, and fun videos on Sporcle TV.

Show Comments

Extras

Top Quizzes Today


Score Distribution

Your Account Isn't Verified!

In order to create a playlist on Sporcle, you need to verify the email address you used during registration. Go to your Sporcle Settings to finish the process.

Report this User

Report this user for behavior that violates our Community Guidelines.

Details: